000 00868nam a2200217Ia 4500
001 14553
005 20260319172345.0
008 260306t2018||||xx |||||||||||||| ||spa||
041 _aESP
082 _a515.15
_bS79V 2017
100 _aStewart, James
_eAUT
245 0 _aCálculo de varias variables. Trascendentes tempranas
260 _c2018
300 _axxvi, 639 - 1182, 83 páginas :
_c27 cm.
650 _aGEN
654 _aCMA
856 _uhttps://itmsp.museknowledge.com/UCSP?url=https://www.ebooks7-24.com:443/?il=5064&pg=1
_zVersión digital
856 _uhttps://0u213t822-y-https-ebooks7--24-com.itmsp.museknowledge.com/biblioteca.aspx
_zVéase además: Base de datos Ebook7-24
856 _uhttps://0u20ft825-y-https-research-ebsco-com.itmsp.museknowledge.com/c/qxo6us/search
_zVéase además: Base de datos EBSCOhost
942 _cLIB
_dJUS
_fJUS
_2ddc
999 _c14553
_d14553